Sejm piekielny. (Record no. 15442)
[ view plain ]
| 000 -LEADER | |
|---|---|
| fixed length control field | 00954cam a22002531 4500 |
| 001 - CONTROL NUMBER | |
| control field | ca 18001598 |
| 003 - CONTROL NUMBER IDENTIFIER | |
| control field | DLC |
| 005 - DATE AND TIME OF LATEST TRANSACTION | |
| control field | 20260227111108.0 |
| 008 - FIXED-LENGTH DATA ELEMENTS--GENERAL INFORMATION | |
| fixed length control field | 880622s1903 pl 000 0 pol |
| 010 ## - LIBRARY OF CONGRESS CONTROL NUMBER | |
| LC control number | ca 18001598 |
| 035 ## - SYSTEM CONTROL NUMBER | |
| System control number | (OCoLC)18123280 |
| 040 ## - CATALOGING SOURCE | |
| Original cataloging agency | DLC |
| Transcribing agency | MiDW |
| Modifying agency | MiDW |
| -- | DLC |
| 042 ## - AUTHENTICATION CODE | |
| Authentication code | premarc |
| 050 00 - LIBRARY OF CONGRESS CALL NUMBER | |
| Classification number | AC60 |
| Item number | .B47 nr. 45 |
| 245 00 - TITLE STATEMENT | |
| Title | Sejm piekielny. |
| Remainder of title | Satyra obyczajowa (1622 r.) |
| Statement of responsibility, etc. | Wydał Aleksander Brückner. |
| 260 ## - PUBLICATION, DISTRIBUTION, ETC. | |
| Place of publication, distribution, etc. | Kraków, |
| Name of publisher, distributor, etc. | Nakładem Akademii umiejętności, |
| Date of publication, distribution, etc. | 1903. |
| 300 ## - PHYSICAL DESCRIPTION | |
| Extent | 76 p. |
| Dimensions | 21 cm. |
| 490 1# - SERIES STATEMENT | |
| Series statement | Wydawnictwa Akademii umiejętności w Krakowie. Biblioteka pisarzów polskich, |
| Volume/sequential designation | nr. 45 |
| 500 ## - GENERAL NOTE | |
| General note | With reproduction of original t.-p. |
| 500 ## - GENERAL NOTE | |
| General note | Attributed by Orgelbrand to Jan Borawski. |
| 700 1# - ADDED ENTRY--PERSONAL NAME | |
| Personal name | Brückner, Aleksander, |
| Dates associated with a name | 1856-1939, |
| Relator term | ed. |
| 700 1# - ADDED ENTRY--PERSONAL NAME | |
| Personal name | Borawski, Jan, |
| Dates associated with a name | active 1620, |
| Relator term | supposed author. |
| 810 2# - SERIES ADDED ENTRY--CORPORATE NAME | |
| Corporate name or jurisdiction name as entry element | Polska Akademia Umiejętności, Kraków. |
| Title of a work | Biblioteka pisarzów polskich ; |
| Volume/sequential designation | no. 45. |
No items available.